The risks and rewards of investing in China : The profile of an opportunity
में बचाया:
| मुख्य लेखक: | |
|---|---|
| स्वरूप: | पुस्तक |
| भाषा: | Undetermined |
| प्रकाशित: |
Singapore
Times Academic Press
1995
|
| विषय: | |
| टैग : |
टैग जोड़ें
कोई टैग नहीं, इस रिकॉर्ड को टैग करने वाले पहले व्यक्ति बनें!
|
| Thư viện lưu trữ: | Trung tâm Học liệu Trường Đại học Cần Thơ |
|---|
| LEADER | 00575nam a2200205Ia 4500 | ||
|---|---|---|---|
| 001 | CTU_105522 | ||
| 008 | 210402s9999 xx 000 0 und d | ||
| 082 | |a 332.673 | ||
| 082 | |b B655 | ||
| 100 | |a Bloodworth, Dennis | ||
| 245 | 4 | |a The risks and rewards of investing in China : | |
| 245 | 4 | |b The profile of an opportunity | |
| 245 | 0 | |c Dennis Bloodworth | |
| 260 | |a Singapore | ||
| 260 | |b Times Academic Press | ||
| 260 | |c 1995 | ||
| 650 | |a Investments, foreign | ||
| 650 | |z China | ||
| 904 | |i Nguyên | ||
| 980 | |a Trung tâm Học liệu Trường Đại học Cần Thơ | ||